High-School Standard Vocab - Statistics

General Stats
  • This quiz has been taken 8 times
  • The average score is 2 of 25
Answer Stats
Grade Level Definition Word % Correct
Freshman A feature or quality of a person Characteristic
71%
Freshman A silky web spun around insects Cocoon
43%
Freshman Showing an appreciation of kindness; a feeling Grateful
43%
Freshman Very accurate, being short sweet and to the point Precise
14%
Junior Nearness in time, space, or activity Proximity
14%
Senior Showing care and thought for the future Prudent
14%
Freshman Mentioning or alluding to something Reference
14%
Sophmore strict, precise, exact, of a person Stringent
14%
Senior Shorten; as writing or typing Abbreviate
0%
Junior An award or privilege for completion of something Accolade
0%
Sophmore Hostile/aggressive Belligerent
0%
Sophmore Relating to the business of running a business Bureaucratic
0%
Senior Trust/friendship with individuals who are together often Camaraderie
0%
Junior Sarcastic in a bitter fashion Caustic
0%
Junior Come together to form as a whole Coalesce
0%
Junior Deny the truth of something by asserting the opposite Contradict
0%
Junior Scarcity or lack of something Dearth
0%
Sophmore Showing/having a disrespectful or offensive attitude Derogatory
0%
Sophmore An individual who opposes law; a criminal Dissident
0%
Freshman Approval of something over another option Favorable
0%
Senior Fearless/adventurous Intrepid
0%
Sophmore Feeling/appearing casual, calm, and collected Nonchalant
0%
Sophmore Compensating for the faults or issues of something Redeem
0%
Senior Lasting for a short amount of time Transient
0%
Senior Showing or feeling caution for future events Wary
0%
No matching quizzes found
Score Distribution
Percent of People with Each Score
Percentile by Number Answered
Your Score History
You have not taken this quiz